Normal view
MARC view
- Krupskaya, Nadezhda Konstantinovna,
Entry Nombre Personal
001 - NUMERO DE CONTROL
- campo de control: 30124
003 - IDENTIFICADOR DE NUMERO DE CONTROL
- campo de control: UPN
005 - FECHA Y HORA DE LA ÜLTIMA TRANSACCIÓN
- campo de control: 20210219194411.0
008 - DATOS DE LONGITUD FIJA
- campo de control de longitud fija: nabaccnnaabn|||||||||| b |nc|||||d
035 ## - NUMERO DE CONTROL
- Número de control: UPN11000002230
040 ## - FUENTE DE CATALOGACIÓN
- Lenguaje de catalogación: SPA
- Agencia de transcripción: UPN
100 1# - ENCABEZAMIENTO - NOMBRE PERSONAL
- Nombre personal: Krupskaya, Nadezhda Konstantinovna,
- Fechas asociadas con el nombre: 1869-1939
670 ## - FUENTE EN LA QUE SE LOCALIZARON DATOS
- Cita de la fuente: T
- Uniform Resource Identifier: http://es.wikipedia.org/wiki/Nadezhda_Kr%C3%BApskaya
902 ## - CATALOGADOR
- Catalogador: CAA/240510
